000 01780cam a22004574i 4500
003 PE-LiUPU
005 20250731172936.0
008 150623s1997 miu rb 000 0 eng d
020 _a0802838421
035 _a(Sirsi) i9780802838421
040 _aPE-LiUPU
_bspa
_cPE-LiUPU
_erda
049 _aPRUA
082 0 4 _a220.6
_bJ72
_221
100 1 _aJones, Gareth Lloyd,
_eautor.
245 1 4 _aThe bones of Joseph :
_bfrom the ancient texts to the modern church studies in the scriptures /
_cGareth Lloyd Jones.
264 1 _aMichigan :
_bWilliam B. Eerdmans Publishing Company,
_c1997.
300 _a197 páginas ;
_c24 centímetros
336 _atext
_2rdacontent
337 _aunmediated
_2rdamedia
338 _avolume
_2rdacarrier
504 _aIncluye bibliografía al pie de páginas.
505 0 _aThe bones of Joseph -- A trick that worked -- The long march -- The perils of an interregnum -- A blueprint for survival -- The blood of the martyr -- Blind guides? -- A portraid of Jesus -- Last words? -- A hard saying -- Things we ought to forget -- Acceptable worship.
526 _aSEG42
526 _aSEG41
526 _aSEG40
526 _aSEG39
526 _aP94
526 _aP87
526 _aP86
526 _aP85
526 _aP77
526 _aP76
526 _aP35
630 _aBiblia
_xMeditaciones.
942 _2ddc
_cBOOK
949 _a220.6 J72
_wDEWEY
_c1
_i44394
_lCCODEBUL1
_mBUL
_r0
_sY
_tBOOK
_u2015-6-24
_xTEOLOGIA
_PP35
_0COMPRA
_o.STAFF. Colección General
994 _aC0
_bPEPRU
596 _a1
999 _a220.6 J72
_wDEWEY
_c21275
_i44394
_f2021-11-9
_g5
_lCCODEBUL1
_mBUL
_p15.00
_r0
_sY
_tBOOK
_u2015-6-24
_xTEOLOGIA
_PP35
_0COMPRA
_o.STAFF. Colección Teología
_d21275
980 _81
_gALBERTO SANCHEZ Responsable de Automatización